| 000 | 01748nam a2200421 c 4500 | ||
|---|---|---|---|
| 001 | 58615 | ||
| 003 | CO-BoRNBP | ||
| 005 | 20250827150923.0 | ||
| 007 | ta | ||
| 008 | 210804r20142021ck jr 000 fdspa d | ||
| 020 | _a9789587733266 | ||
| 040 |
_aCO-BoRNBP _bspa _erda _cCO-BoRNBP |
||
| 041 | 1 |
_aspa _hfre |
|
| 084 | _aN | ||
| 100 |
_aMorgenstern, Susie, _d1945- _eaut _963664 |
||
| 245 | 1 | 0 |
_aCartas de amor de 0 a 10 / _cSusie Morgenstern ; traducción de Isabelle Marc Martínez. |
| 246 | 3 | 3 | _aCartas de amor de cero a diez |
| 250 |
_aPrimera edición _bCuarta reimpresión, Quinta reimpresión |
||
| 264 | 1 |
_aBogotá, Colombia : _bEdiciones SM, _c2021 |
|
| 300 | _a137 páginas | ||
| 336 |
_atexto _btxt _2rdacontent |
||
| 337 |
_asin mediación _bn _2rdamedia |
||
| 338 |
_avolumen _bnc _2rdacarrier |
||
| 490 | 0 |
_aEl barco de vapor. Roja _v195 |
|
| 500 | _aEl material correspondiente a la dotación PNLB 2022 con código FRURAL-2022-00023, corresponde a la cuarta reimpresión de 2019 | ||
| 500 | _aEl material correspondiente a la dotación PNLB 2022 con código RURAL-2022-00053, corresponde a la quinta reimpresión de 2021 | ||
| 521 | _aRecomendado para un público mayor de 12 años | ||
| 534 | _tLettres d'amour de 0 à 10 | ||
| 545 | _aIncluye datos biográficos de la autora y la traductora al final del texto | ||
| 650 | 0 | 4 |
_aNovela juvenil Estadounidense _ySiglo XX _2LEMB _92081 |
| 650 | 0 | 7 |
_aVida cotidiana _vNovela juvenil _2LEMB |
| 650 | 0 | 7 |
_aRelaciones familiares _vNovela juvenil _2LEMB _963665 |
| 650 | 0 | 4 |
_aLiteratura juvenil estadounidense _ySiglo XX _2LEMB _92082 |
| 655 |
_aNovela juvenil _963666 |
||
| 655 |
_aNovela juvenil _963666 |
||
| 700 |
_aMarc Martínez, Isabelle _etrl _963667 |
||
| 942 |
_2loc _cBKLIT |
||
| 999 |
_c58615 _d58615 |
||